Central Library OPAC University of Rajshahi

Avian medicine / (Record no. 66786)

MARC details
000 -LEADER
fixed length control field 00842cam a22002654a 4500
001 - CONTROL NUMBER
control field 66786
003 - CONTROL NUMBER IDENTIFIER
rucl marc code BD-RjUL
005 - DATE AND TIME OF LATEST TRANSACTION
control field 20211209081558.0
008 - FIXED-LENGTH DATA ELEMENTS--GENERAL INFORMATION
fixed length control field 170320s2000 enka 001 0 eng d
020 ## - INTERNATIONAL STANDARD BOOK NUMBER
International Standard Book Number 0750635983
035 ## - SYSTEM CONTROL NUMBER
System control number (BD-RjUL)
040 ## - CATALOGING SOURCE
Original cataloging agency DLC
Transcribing agency DLC
Modifying agency DLC
-- BD-RjUL
Language of cataloging eng
041 ## - LANGUAGE CODE
Language code of text/sound track or separate title eng
082 00 - DEWEY DECIMAL CLASSIFICATION NUMBER
Edition number 23
Classification number 636.5089
Author mark and year AVI 2000
245 00 - TITLE STATEMENT
Title Avian medicine /
Statement of responsibility, etc. edited by Thomas N. Tully, Jnr., Martin Lawton, Gerry M. Dorrestein ; foreword by John E. Cooper.
260 ## - PUBLICATION, DISTRIBUTION, ETC. (IMPRINT)
Place of publication, distribution, etc. Oxford
-- Boston :
Name of publisher, distributor, etc. Butterworth-Heinemann,
Date of publication, distribution, etc. 2000.
300 ## - PHYSICAL DESCRIPTION
Pagination x, 411 p. :
Illustrations ill. ;
Size 26 cm.
500 ## - GENERAL NOTE
General note Includes index.
650 #0 - SUBJECT ADDED ENTRY--TOPICAL TERM
Topical term or geographic name as entry element Avian medicine.
9 (RLIN) 197716
700 1# - ADDED ENTRY--PERSONAL NAME
Personal name Tully, Thomas N.,
Dates associated with a name 1959-
Personal name Lawton, Martin P. C.
Personal name Dorrestein, G. M.
942 ## - ADDED ENTRY ELEMENTS (KOHA)
Source of classification or shelving scheme Dewey Decimal Classification
Koha item type Books
Holdings
Lost status Source of classification or shelving scheme Damaged status Not for loan Collection code Permanent Location Current Location Shelving location Date acquired Source of acquisition Cost, normal purchase price Total Checkouts Full call number Date last seen Copy number Koha item type
  Dewey Decimal Classification   Not For Loan Non-fiction Central Library, University of Rajshahi Central Library, University of Rajshahi Reading Room 01/01/2006 Dhaka, Paragon ent. Ltd. 105.00   636.5089 AVI 2000 20/03/2017 C-1 Books
  Dewey Decimal Classification     Non-fiction Central Library, University of Rajshahi Central Library, University of Rajshahi   01/01/2006 Dhaka, Paragon ent. Ltd. 105.00   636.5089 AVI 2000 20/03/2017 C-2 Books